000 00517nmm a2200157Ia 4500
008 251105s9999||||xx |||||||||||||||||und||
020 _a9788492616480
041 _aspa
100 _aPuigsech Farràs, Josep
245 0 _aEntre Franco y Stalin :
_b El difícil itinerario de los comunistas en Cataluña, 1936-1949
264 _a[Madrid, España] :
_bEl Viejo Topo,
_c2009
300 _a328 páginas
650 _aHistory of Europe: Spain
856 _uhttps://public.digitaliapublishing.com/a/19387
942 _cCF
999 _c88961
_d88961